logo

Bir Sreshtho Munshi Abdur Rouf Library
Jhenaidah Cadet College

Purification of the heart : (Record no. 14060)

MARC details
000 -LEADER
fixed length control field 00738nam a2200229 a 4500
001 - CONTROL NUMBER
JCCL Control Number 14060
003 - CONTROL NUMBER IDENTIFIER
JCCL marc code BD-JhCC
005 - DATE AND TIME OF LATEST TRANSACTION
control field 20240912103831.0
008 - FIXED-LENGTH DATA ELEMENTS--GENERAL INFORMATION
fixed length control field 240912b2013 us |||| ||a| 000 0 eng d
020 ## - INTERNATIONAL STANDARD BOOK NUMBER
International Standard Book Number 9781929694150
035 ## - SYSTEM CONTROL NUMBER
system control number (BD-JhCC)14060
040 ## - CATALOGING SOURCE
Original cataloging agency BD-JhCC
Modifying agency BD-JhCC
041 ## - LANGUAGE CODE
Language code of Book english
082 ## - DEWEY DECIMAL CLASSIFICATION NUMBER
Classification number 297.5
Author mark and Year YUS 2004
100 ## - MAIN ENTRY--PERSONAL NAME
Personal name Yusuf,Hamza
245 ## - TITLE STATEMENT
Title Purification of the heart :
Remainder of title signs, symptoms, and cures of the spiritual diseases of the heart /
Statement of responsibility, etc Hamza Yusuf.
260 ## - PUBLICATION, DISTRIBUTION, ETC. (IMPRINT)
Place of publication, distribution, etc America:
Name of publisher, distributor, etc Starlatch Books;
Date of publication, distribution, etc 2004.
300 ## - PHYSICAL DESCRIPTION
Pagination 211 p. :
Other physical details illustrations ;
Dimensions 24 cm.
650 ## - SUBJECT ADDED ENTRY--TOPICAL TERM
Topical term or geographic name as entry element Direction spirituelle
Form subdivision Islam
General subdivision Religious life
Chronological subdivision Spiritual direction
Geographic subdivision Spiritual life Islam
942 ## - ADDED ENTRY ELEMENTS (KOHA)
Source of classification or shelving scheme Dewey Decimal Classification
Koha item type Books
Holdings
Source of classification or shelving scheme Damaged status Not for loan Home library Current library Shelving location Date of accession Source of acquisition Cost, normal purchase price Total Checkouts Full call number Barcode Checked out Date last seen Date checked out Copy number Method of acquisition Koha item type Currency
Dewey Decimal Classification     JCC Rouf Library JCC Rouf Library General Stacks 09/12/2024 With the Compliments Of Shahriar Imtiaz Rahman 27/1483/K 1441.00 4 297.5 YUS 2004 19675 11/10/2025 10/15/2025 10/15/2025 C-1 Gift/Donation Books BDT

JCC Library | Contacts | JCC Home

Last Update on 23 September 2017
Copyright @ 2017-2020 JCC Rouf Library
Rouf Library, Jhenidah Cadet College (JCC), Bangladesh